000 00330 a2200157 4500
001 150158
040 _cEscola São Tomás de Aquino
100 _aCARDIAS, J.
240 1 0 _aNinho de poesia
_lpor
245 1 0 _aNinho de poesia
300 _a32
362 0 _a1991
440 1 _aMelhoramentos
697 _aPoesia
942 _cBK
999 _c150158
_d150158